The Iconic House / (Record no. 8626)
[ view plain ]
| 000 -LEADER | |
|---|---|
| fixed length control field | 01278cam a22002898i 4500 |
| 001 - CONTROL NUMBER | |
| control field | 8t2f9ln56q7pmd7c |
| 003 - CONTROL NUMBER IDENTIFIER | |
| control field | LIBRIS |
| 005 - DATE AND TIME OF LATEST TRANSACTION | |
| control field | 20260311120830.0 |
| 008 - FIXED-LENGTH DATA ELEMENTS--GENERAL INFORMATION | |
| fixed length control field | 250510s2025 xx |||||||||||000 0|eng|d |
| 020 ## - INTERNATIONAL STANDARD BOOK NUMBER | |
| International Standard Book Number | 9780500298602 |
| Qualifying information | |
| 035 ## - SYSTEM CONTROL NUMBER | |
| System control number | (BOKR)9780500298602 |
| 040 ## - CATALOGING SOURCE | |
| Original cataloging agency | BOKR |
| Description conventions | i |
| Transcribing agency | n |
| 041 ## - LANGUAGE CODE | |
| Language code of text/sound track or separate title | eng |
| 082 ## - DEWEY DECIMAL CLASSIFICATION NUMBER | |
| Classification number | 728.370904 B72 2025 |
| 100 1# - MAIN ENTRY--PERSONAL NAME | |
| Personal name | Powers, Richard |
| Relationship | aut |
| 245 14 - TITLE STATEMENT | |
| Title | The Iconic House / |
| Statement of responsibility, etc. | Richard Powers. Dominic Bradbury |
| 263 ## - PROJECTED PUBLICATION DATE | |
| Projected publication date | 202507 |
| 264 #1 - PRODUCTION, PUBLICATION, DISTRIBUTION, MANUFACTURE, AND COPYRIGHT NOTICE | |
| Name of producer, publisher, distributor, manufacturer | Thames & Hudson Ltd. |
| Date of production, publication, distribution, manufacture, or copyright notice | 2025 |
| 300 ## - PHYSICAL DESCRIPTION | |
| Extent | 376 sidor |
| Dimensions | 23 cm |
| 336 ## - CONTENT TYPE | |
| Content type term | Text |
| Content type code | txt |
| Source | rdacontent |
| 337 ## - MEDIA TYPE | |
| Media type term | Omedierad resurs |
| Media type code | n |
| Source | rdamedia |
| 338 ## - CARRIER TYPE | |
| Carrier type term | Volym |
| Carrier type code | nc |
| Source | rdacarrier |
| 520 ## - SUMMARY, ETC. | |
| Summary, etc. | A handy resource for all lovers and enthusiasts of house design, featuring over 100 of the world's most significant residential buildings. The Iconic House features over 100 of the most important and influential houses designed and built since 1900. International in scope and wide-ranging in style, the houses share a remarkable sensitivity to site and context, an appreci[Bokinfo] |
| 655 #4 - INDEX TERM--GENRE/FORM | |
| Genre/form data or focus term | Ej sk�nlitteratur |
| Authority record control number or standard number | https://id.kb.se/term/ktg/NonFictionLiterature |
| 887 ## - NON-MARC INFORMATION FIELD | |
| Content of non-MARC field | {"@id":"8t2f9ln56q7pmd7c","modified":"2026-03-06T18:05:39.804+01:00"} |
| Source of data | librisxl |
| 942 ## - ADDED ENTRY ELEMENTS (KOHA) | |
| Source of classification or shelving scheme | Dewey Decimal Classification |
| Koha item type | English Book |
| Suppress in OPAC | No |
| Withdrawn status | Lost status | Source of classification or shelving scheme | Damaged status | Not for loan | Home library | Current library | Date acquired | Total Checkouts | Full call number | Barcode | Date last seen | Price effective from | Koha item type |
|---|---|---|---|---|---|---|---|---|---|---|---|---|---|
| Dewey Decimal Classification | CENTRAL | TUWAIQ | 03/11/2026 | 728.370904 B72 2025 | 1000000025894 | 03/11/2026 | 03/11/2026 | English Book |
